Estadísticas para Calles que cruzan Cabildo y Santa Fe

Haz click aquí para intentar la prueba.

Estadísticas generales

  • Esta prueba ha sido intentada 106 veces
  • La puntuación promedio es 42 de 104

Estadísticas de respuestas

BarrioCalle% Correcto
BelgranoJuramento
95%
RecoletaPueyrredón
90%
Palermo/ColegialesOlleros
85%
Núñez/BelgranoCongreso
80%
RecoletaAgüero
75%
RecoletaCallao
75%
Palermo/ColegialesFederico Lacroze
75%
BelgranoJosé Hernández
75%
BelgranoMonroe
70%
PalermoRaúl Scalabrini Ortiz
70%
Retiro9 de Julio
65%
PalermoArmenia
65%
PalermoBulnes
65%
Palermo/RecoletaCnel. Díaz
65%
PalermoFray Justo Sta. María de Oro
65%
PalermoJuan B. Justo
65%
PalermoÁngel Justiniano Carranza
60%
PalermoMalabia
60%
PalermoThames
60%
Recoleta/RetiroUruguay
60%
RecoletaBillinghurst
55%
PalermoDorrego
55%
PalermoJorge Luis Borges
55%
NúñezNúñez
55%
RecoletaRodríguez Peña
55%
PalermoGurruchaga
50%
RecoletaJunín
50%
RetiroLibertad
50%
RetiroTalcahuano
50%
PalermoAráoz
45%
RecoletaAzcuénaga
45%
RetiroCerrito
45%
BelgranoEcheverría
45%
RecoletaEcuador
45%
RetiroEsmeralda
45%
Núñez/SaavedraGral. Paz
45%
PalermoJerónimo Salguero
45%
PalermoJulián Álvarez
45%
NúñezManuela Pedraza
45%
RetiroSuipacha
45%
PalermoVidt
45%
RecoletaAyacucho
40%
BelgranoBlanco Encalada
40%
NúñezCrisólogo Larralde
40%
PalermoGodoy Cruz
40%
NúñezJuana Azurduy
40%
BelgranoLa Pampa
40%
RecoletaLaprida
40%
RecoletaLarrea
40%
RetiroMaipú
40%
BelgranoMendoza
40%
RecoletaMontevideo
40%
BelgranoOlazábal
40%
RecoletaPres. José Evaristo Uriburu
40%
RecoletaRiobamba
40%
RecoletaSánchez de Bustamante
40%
Belgrano/ColegialesVirrey del Pino
40%
Belgrano/Colegiales/PalermoZabala
40%
RecoletaAustria
35%
RetiroCarlos Pellegrini
35%
RecoletaDr. Tomás Manuel de Anchorena
35%
PalermoFitz Roy
35%
NúñezIberá
35%
Palermo/ColegialesMaure
35%
BelgranoMcal. Antonio Jose de Sucre
35%
RecoletaParaná
35%
Palermo/ColegialesAguilar
30%
Palermo/ColegialesCéspedes
30%
BelgranoFranklin D. Roosevelt
30%
NúñezQuesada
30%
PalermoUriarte
30%
PalermoBonpland
25%
NúñezCampos Salles
25%
Palermo/ColegialesGorostiaga
25%
BelgranoManuel Ugarte
25%
Núñez/SaavedraManzanares
25%
PalermoRepública Árabe Siria
25%
Núñez/SaavedraRuiz Huidobro
25%
Palermo/ColegialesTeodoro García
25%
Belgrano/ColegialesVirrey Arredondo
25%
Belgrano/ColegialesVirrey Loreto
25%
Núñez/SaavedraArias
20%
Núñez/SaavedraBesares
20%
PalermoConcepción Arenal
20%
PalermoHumboldt
20%
Núñez/SaavedraJaramillo
20%
Palermo/ColegialesJorge Newbery
20%
Palermo/ColegialesPalpa
20%
BelgranoPedro I. Rivera
20%
Núñez/SaavedraPico
20%
Núñez/SaavedraVilela
20%
PalermoAnasagasti
15%
Núñez/SaavedraCorrea
15%
Núñez/SaavedraDeheza
15%
Núñez/SaavedraParoissien
15%
Núñez/SaavedraRamallo
15%
PalermoSantos Dumont
15%
PalermoTte. Benjamín Matienzo
15%
Núñez/SaavedraVedia
15%
PalermoArévalo
10%
PalermoDarregueyra
10%
PalermoDr. Emilio Ravignani
10%
NúñezGuayra
10%
Belgrano/ColegialesVirrey Olaguer y Feliú
10%

Distribución de puntuación

Porcentaje por número respondido

Porcentaje de gente con cada puntuación

Historial de tus puntuaciones

No has intentado esta prueba.